India's partition : (Record no. 134012)

MARC details
000 -LEADER
fixed length control field 00687nam a22002177a 4500
005 - DATE AND TIME OF LATEST TRANSACTION
control field 20170124110218.0
010 ## - LIBRARY OF CONGRESS CONTROL NUMBER
LC control number A-704977
020 ## - INTERNATIONAL STANDARD BOOK NUMBER
Terms of availability 00.00
International Standard Book Number 0195635043
035 ## - SYSTEM CONTROL NUMBER
System control number A-704977
037 ## - SOURCE OF ACQUISITION
Source of stock number/acquisition Cen Lib/Ret
040 ## - CATALOGING SOURCE
Original cataloging agency DPL
Language of cataloging EN
082 ## - DEWEY DECIMAL CLASSIFICATION NUMBER
Classification number 954.085
Item number IND
245 ## - TITLE STATEMENT
Title India's partition :
Statement of responsibility, etc edited by Mushirul Hasan
Remainder of title process, strategy and mobilization /
260 ## - PUBLICATION, DISTRIBUTION, ETC. (IMPRINT)
Place of publication, distribution, etc New Delhi
Name of publisher, distributor, etc Oxford unversity press
Date of publication, distribution, etc 1993
270 ## - ADDRESS
City New Delhi
Address YMCA building,Jai singh road
Postal code 110001
300 ## - PHYSICAL DESCRIPTION
Extent viii,433
Dimensions 22cm(pbk)
650 ## - SUBJECT ADDED ENTRY--TOPICAL TERM
Topical term or geographic name as entry element History
Geographic subdivision India
9 (RLIN) 436
650 ## - SUBJECT ADDED ENTRY--TOPICAL TERM
Topical term or geographic name as entry element Partiton
Geographic subdivision India
9 (RLIN) 39530
700 ## - ADDED ENTRY--PERSONAL NAME
Personal name Mushirul Hasan
9 (RLIN) 39531
942 ## - ADDED ENTRY ELEMENTS (KOHA)
Source of classification or shelving scheme Dewey Decimal Classification
Koha item type English Books
Classification part 954.085
Call number suffix IND
Holdings
Withdrawn status Lost status Damaged status Not for loan Collection code Home library Current library Date acquired Source of acquisition Cost, normal purchase price Total Checkouts Full call number Barcode Date last seen Copy number Cost, replacement price Price effective from Koha item type Source of classification or shelving scheme
      Not For Loan Reference Central Library Central Library 28/07/2015 Cen Lib/Ret 150.00   954.085 IND A-704977 08/01/2018 1 150.00 28/07/2015 English Books  
          Central Library Central Library 01/12/2016 Cen Lib/Ret 150.00   954.085 IND A-679795 01/12/2016 2 150.00 01/12/2016 English Books Dewey Decimal Classification

© Delhi Public Library
Hit Counter
free hit counter